[Event "SLO-chT Central 1st League 11th"]
[Site "Slovenia"]
[Date "2010.10.21"]
[Round "6.1"]
[White "Sindicic, Branko"]
[Black "Milosevic, Rade"]
[Result "1-0"]
[WhiteElo "1927"]
[BlackElo "2067"]
[PlyCount "83"]
[EventDate "2010.09.09"]
[EventType "team-tourn"]
[EventRounds "9"]
[EventCountry "SLO"]
[SourceTitle "EXT 2022"]
[Source "ChessBase"]
[SourceDate "2021.10.06"]
[SourceVersion "1"]
[SourceVersionDate "2021.10.06"]
[SourceQuality "1"]
[WhiteTeam "Zelenci LPP"]
[BlackTeam "Vrhnika II"]
[WhiteTeamCountry "SLO"]
[BlackTeamCountry "SLO"]

1. d4 Nf6 2. Nf3 g6 3. c4 Bg7 4. Nc3 0-0 5. e4 d6 6. Be2 Re8 7. 0-0 Nbd7 8. Rb1 c6 9. Qc2 Nb6 10. Rd1 d5 11. e5 Bf5 12. Bd3 Ne4 13. c5 Nxc3 14. bxc3 Bxd3 15. Rxd3 Nc4 16. Rxb7 Qa5 17. Rb3 Qa6 18. Ne1 Rab8 19. Rh3 Na5 20. Ra3 Qb5 21. Nd3 Rb7 22. Nb4 Nc4 23. Ra6 Na5 24. a4 Qc4 25. Rxa5 Rxb4 26. Rxa7 Reb8 27. g4 Rb1 28. Kg2 h5 29. gxh5 Bh6 30. hxg6 Rxc1 31. gxf7+ Kf8 32. Qd3 Qxd3 33. Rxd3 Kxf7 34. Rc7 Rg8+ 35. Kf3 Rg6 36. a5 Ra1 37. Ra7 Ra2 38. a6 Rg5 39. h4 Rf5+ 40. Kg4 Raxf2 41. Rc7 Bc1 42. Rxc6 1-0

[Event "Senta op-B 14th"]
[Site "Senta"]
[Date "2010.07.17"]
[Round "1"]
[White "Milosevic, Rade"]
[Black "Vince, Laszlo"]
[Result "1-0"]
[WhiteElo "2120"]
[BlackElo "1870"]
[PlyCount "83"]
[EventDate "2010.07.17"]
[EventType "swiss"]
[EventRounds "9"]
[EventCountry "YUG"]
[SourceTitle "EXT 2011"]
[Source "ChessBase"]
[SourceDate "2010.11.26"]
[SourceVersion "1"]
[SourceVersionDate "2010.11.26"]
[SourceQuality "1"]

1. Nf3 Nf6 2. c4 g6 3. Nc3 Bg7 4. e4 d6 5. d4 c6 6. h3 0-0 7. Be3 a6 8. a4 Qc7 9. Be2 Nbd7 10. Qd2 b6 11. 0-0 Bb7 12. b4 c5 13. bxc5 Nxe4 14. Nxe4 Bxe4 15. cxd6 Qxd6 16. a5 b5 17. cxb5 axb5 18. Bxb5 Bxf3 19. gxf3 e5 20. Bxd7 Qxd7 21. dxe5 Qxh3 22. Qd5 Rfd8 23. Qe4 Qh5 24. f4 Qh4 25. Qg2 Ra6 26. Qg3 Qh5 27. Bb6 Rd5 28. Qg2 Rd3 29. Rfc1 Bh6 30. Be3 Qf5 31. Ra4 Rd7 32. Qe4 Rd8 33. Kg2 Rd5 34. Bb6 Qd7 35. Kg3 Rd3+ 36. f3 Kg7 37. Rc7 Qf5 38. Qxf5 gxf5 39. e6 Kf8 40. Rxf7+ Ke8 41. Rc4 Ra8 42. Rxh7 1-0